| 000 | 00507nam a2200205Ia 4500 | ||
|---|---|---|---|
| 005 | 20260429112131.0 | ||
| 008 | 260429s9999||||xx |||||||||||||| ||und|| | ||
| 020 | _a9789395626668 | ||
| 041 | _aEnglish | ||
| 082 |
_a181.4 _bBAH |
||
| 100 | _aBahadur, Rana | ||
| 245 | 0 |
_aPre-Buddhistic Indian philosophy / _cRana Bahadur |
|
| 250 | _a1st ed. | ||
| 260 |
_aDelhi : _bEdukeen, _c2024. |
||
| 300 | _avi, 305 p.; hb | ||
| 650 | _a Buddhists | ||
| 650 | _a India | ||
| 650 | _aPhilosophy | ||
| 942 | _cTB | ||
| 999 |
_c52518 _d52518 |
||